000 00906nam a2200301 a 4500
001 000043590
003 DO-SdBNP
005 20180130104758.0
007 000043590
008 140327s2009 sp a 000 0 spa d
020 _a9788420472850
040 _aBPMSU
_bspa
_cBPMSU
082 _aA863.44
_bF375t 2009
092 _a
_b
100 1 _aFerrari, Andrea,
_d1961-
245 1 0 _aTambién las estatuas tienen miedo /
_cAndrea Ferrari ; ilustración de Diego Blanco
260 _aMadrid :
_bAlfaguara,
_c2009
300 _a147 p. :
_bil. ;
_c21cm.
490 _aAlfaguara juvenil
500 _aIncluye datos biográficos del autor
650 _aNOVELA JUVENIL ARGENTINA
650 _aLITERATURA JUVENIL ARGENTINA
700 _aBlanco, Diego.
_eil.
830 _pAlfaguara juvenil
942 _2ddc
_cBK
945 _aInventariado, 2018 / BT
956 _aVMATEO
_b10
_c20161110
_lBMSU
_h0069
999 _c11898
_d11898